Company to company <a> task-based approach to business emails, letters and faxes
Gespeichert in:
| 1. Verfasser: | |
|---|---|
| Format: | Buch |
| Sprache: | Englisch |
| Veröffentlicht: |
Cambridge
Cambridge University Press
2005
|
| Ausgabe: | 4th ed. |
| Schriftenreihe: | Student's book
|
| Schlagworte: | |
| Tags: |
Keine Tags, Fügen Sie das erste Tag hinzu!
|
MARC
| LEADER | 00000nam$a2200000$$$4500 | ||
|---|---|---|---|
| 001 | 0046138 | ||
| 005 | 20240226124517.5 | ||
| 020 | |a 0-521-60975-5 | ||
| 041 | 0 | |a eng | |
| 044 | |a GB | ||
| 245 | 1 | 0 | |a Company to company |b <a> task-based approach to business emails, letters and faxes |c Andrew Littlejohn |
| 250 | |a 4th ed. | ||
| 264 | 1 | |a Cambridge |b Cambridge University Press |c 2005 | |
| 300 | |a 128 s. | ||
| 490 | 1 | |a Student's book | |
| 830 | 0 | |a Student's book | |
| 610 | 2 | 0 | |a komunikácia elektronická |
| 610 | 2 | 0 | |a korešpondencia |
| 610 | 2 | 0 | |a obchod |
| 610 | 2 | 0 | |a angličtina |
| 610 | 2 | 0 | |a jazyky cudzie |
| 100 | 1 | |a Littlejohn, Andrew | |